Úsilie nekorunuje úspech O práci Zväzu stavebných podnikateľov Slovenska

Bibliographic Details
Main Authors: Slávik, František, 1941- (Author), Kostková, Mária (Author)
Format: Article
Language:Slovak
Subjects:

MARC

LEADER 00000nab a2200000 a 4500
001 vtls000575638
003 SK-MaSNL
005 20260303013156.0
008 120929c1993 xo 0 slo
015 |a SNBRB19rr/mm-uuuuu 
035 |a CL0575776 
040 |a SNKBUCL  |b slo  |c SNKBUCL  |e AACR2 
041 0 |a slo 
044 |a xo  |c SK 
080 |a 351.712(437.6)  |2 1981 
080 |a 69(437.6)  |2 1981 
080 |a 351.778.532(437.6)  |2 1981 
080 |a 334.778:69:061.2(437.6)  |2 1981 
100 1 |a Slávik, František,  |d 1941-  |4 aut  |9 181869 
245 1 0 |a Úsilie nekorunuje úspech  |b O práci Zväzu stavebných podnikateľov Slovenska  |c František Slávik, Mária Kostková 
650 0 7 |a výstavba investičná  |2 snkbucl  |9 677195 
650 0 7 |a Zväz stavebných podnikateľov Slovenska  |2 snkbucl  |9 901209 
655 7 |a články z novín a časopisov  |2 snkbucl  |9 267496 
700 1 |a Kostková, Mária  |4 aut  |9 266660 
773 0 |t APS  |g Roč. 1, č. 1 (1993), s. 2-3 a 7 
850 |a Slovenská národná knižnica v Martine  |a MTA001 
852 |a SNK  |b KIS3GCP 
958 |a RK 
992 |a RBX 
999 |c 1601113  |d 1603043